| 000 | 00756nam a2200217 a 4500 | ||
|---|---|---|---|
| 005 | 20160228122815.0 | ||
| 008 | 140220s1996 ck abd fr|||| 000 0 spa d | ||
| 040 |
_aCO-BoIAVH _cCO-BoIAVH |
||
| 041 | 0 | _aspa | |
| 044 | _ack | ||
| 082 | 0 | 4 |
_a634.9 _bM66r |
| 110 | 2 |
_b Ministerio del Medio Ambiente _aColombia. |
|
| 245 | 1 | 0 |
_aReforestación: _bdesafío nacional, la ejecución de la política nacional ambiental. |
| 260 |
_aBogotá: _bMinambiente, _c1996. |
||
| 300 |
_a198 páginas : _bIlustraciones, mapas, gráficos ; _c24 x 17 cm. |
||
| 500 | _aInforme al congreso de la república julio de 1996. | ||
| 650 | 1 | 6 | _aReforestación |
| 650 | 1 | 6 | _aPolítica ambiental |
| 650 | 1 | 6 | _aEcosistemas estratégicos |
| 942 |
_cLIBRO _2ddc |
||
| 999 |
_c290 _d290 |
||